000 01181nam a2200325 a 4500
001 BRCA_3414
005 20190320204254.0
041 _aeng
044 _anyu
084 _a703
_b.D634
_c1930
100 1 _aCervantes Saavedra, Miguel de
_d1547-1616
_9213
245 1 0 _aStories from Don Quixote
_cBy H. L. Havell.
260 _aNueva York
_bDodge Publishing
_c1930
300 _axix, 232 p.
_bil.
_c20 cm.
440 0 _aTold Through the Ages
_98961
500 _aContenido : Texto compendiado de la novela
500 _aEdición igual a la anterior [702]. Tela; lomo y plano decorados con dorados Lúdovik Osterc
500 _aCon ex-libris de : Towle, H. B.
500 _aQMB17
546 _aTexto en : inglés
650 1 4 _aNovela española
_yÉpoca clásica, 1500-1700
_9215
650 1 4 _aLiteratura española
_yÉpoca clásica, 1500-1700
_9216
650 1 4 _aNovela española
_ySiglo XVII
_9217
650 1 4 _aDon Quijote (Personaje ficticio)
_eNovela
_9218
700 1 _aHavell, Herbert Lord
_d?-1913
_eEditor
_98962
700 1 _aMarriott, Ernest
_d1882-1918
_eIlustrador
_98963
740 0 _aEl Ingenioso Hidalgo Don Quijote de la Mancha
902 _aQFM
942 _2lcc
_cB
999 _c3150
_d3150